The 22 States Of Matter - Statistics

General Stats
  • This quiz has been taken 11 times
  • The average score is 6 of 22
Answer Stats
Answer % Correct
Gas
100%
Liquid
100%
Solid
100%
Plasma
90%
Bose-Einstein Condensate
40%
Superfluid
40%
Super Solid
30%
Time Crystal
30%
Degenerate Matter
20%
Fermionic Condensate
20%
Photonic Matter
20%
Quark-Gluon Plasma
20%
Excitonium
10%
String Net Liquid
10%
Supercritical Fluid
10%
Dropleton
0%
John Teller Matter
0%
Quantum Spin Hall
0%
Quantum Spin Liquid
0%
Rydberg Matter
0%
Superconductivity
0%
Superionic Ice
0%
No matching quizzes found
Score Distribution
Percent of People with Each Score
Percentile by Number Answered
Your Score History
You have not taken this quiz